000
00279nam a22001097a 4500
008
160511b xxu||||| |||| 00| 0 eng d
020
_a
089946033X
041
_a
eng
080
_a
316.77
245
_a
Skill in nonverbal communication
_c
Edited by Robert Rosenthal;
942
_2
udc
_c
BK
999
_c
2034
_d
2034